Protección de la biodiversidad y de los derechos de las comunidades locales; algunas conclusiones
محفوظ في:
| التنسيق: | نص |
|---|---|
| الموضوعات: | |
| الوسوم: |
إضافة وسم
لا توجد وسوم, كن أول من يضع وسما على هذه التسجيلة!
|
MARC
| LEADER | 00000 a a2200000 04500 | ||
|---|---|---|---|
| 001 | 12559 | ||
| 003 | |||
| 040 | |||
| 245 | |a Protección de la biodiversidad y de los derechos de las comunidades locales; algunas conclusiones | ||
| 650 | |a BIODIVERSIDAD | ||
| 650 | |a CONSERVACION DE LA NATURALEZA | ||
| 650 | |a PROPIEDAD INTELECTUAL | ||
| 650 | |a AGRICULTURA SOSTENIBLE | ||
| 650 | |a ORGANIZACIONES NO GUBERNAMENTALES | ||
| 650 | |a ORGANIZACIONES CAMPESINAS | ||
| 650 | |a CONF | ||
| 773 | |g volumen 1, número 1; páginas 158-161 | ||
| 999 | |c 20920 |d 20920 | ||
